Types of encounter between religions

Saved in:  
Bibliographic Details
Main Author: Mojzes, Paul (Author)
Format: Print Article
Language:Undetermined language
Check availability: HBZ Gateway
Interlibrary Loan:Interlibrary Loan for the Fachinformationsdienste (Specialized Information Services in Germany)
Published: 1990
In: Attitudes of religions and ideologies toward the outsider
Year: 1990, Pages: 1-24
Further subjects:B Dialogue
B Menschenrechte
B World Religions
B causes of war / war guilt
B Weltreligionen
B War / Konfliktursache / Kriegsschuld
B Human Rights
B Religion
B Tolerance

MARC

LEADER 00000caa a22000002c 4500
001 597192286
003 DE-627
005 20220705140919.0
007 tu
008 090404s1990 xx ||||| 00| ||und c
020 |a 0889462704 
035 |a (DE-627)597192286 
035 |a (DE-576)9597192284 
035 |a (DE-599)GBV597192286 
040 |a DE-627  |b ger  |c DE-627  |e rda 
084 |a 0  |2 ssgn 
100 1 |a Mojzes, Paul  |4 aut 
245 1 0 |a Types of encounter between religions  |c Paul Mojzes 
264 1 |c 1990 
336 |a Text  |b txt  |2 rdacontent 
337 |a ohne Hilfsmittel zu benutzen  |b n  |2 rdamedia 
338 |a Band  |b nc  |2 rdacarrier 
601 |a Encounter 
650 4 |a Dialog 
650 4 |a Weltreligionen 
650 4 |a Kriegsschuld/Kriegsursache/Konfliktursache 
650 4 |a Religion 
650 4 |a Menschenrechte 
650 4 |a Toleranz 
650 4 |a Dialogue 
650 4 |a World Religions 
650 4 |a war guilt/causes of war 
650 4 |a Religion 
650 4 |a Human Rights 
650 4 |a Tolerance 
773 0 8 |i In  |t Attitudes of religions and ideologies toward the outsider  |d Lewiston, N.Y., USA : E. Mellen Press, 1990  |g (1990), S. 1-24  |h x, 202 p  |w (DE-627)115694021  |z 0889462704  |7 nnam 
773 1 8 |g year:1990  |g pages:1-24 
935 |a mteo 
951 |a AR 
ELC |b 1 
LOK |0 000 xxxxxcx a22 zn 4500 
LOK |0 001 4596826870 
LOK |0 003 DE-627 
LOK |0 004 597192286 
LOK |0 005 20241017032924 
LOK |0 008 241017||||||||||||||||ger||||||| 
LOK |0 035   |a (DE-Tue135)276721136_1990_1 
LOK |0 040   |a DE-Tue135  |c DE-627  |d DE-Tue135 
LOK |0 092   |o n 
LOK |0 852   |a DE-Tue135 
LOK |0 852 1  |9 00 
LOK |0 935   |a imwa  |a ixau  |a rwrk 
LOK |0 939   |a 17-10-24  |b l01 
ORI |a SA-MARC-ixtheoa001.raw 
REL |a 1 
STA 0 0 |a Dialogue,Dialogue,Dialogue,Dialog,Dialogue,Religion,Religions,Religion,Religion in literature,Tolerance,Tolerance,Religious tolerance 
STB 0 0 |a Dialogue,Dialogue,Dialogue,Dialogue,Religion,Religions,Religion,Tolérance,Tolérance 
STC 0 0 |a Diálogo,Diálogo,Diálogo,Diálogo,Religión,Religión,Religión,Tolerancia,Tolerancia 
STD 0 0 |a Dialogo,Dialogo,Dialogo,Dialogo,Religione,Religione,Religione,Tolleranza,Tolleranza 
STE 0 0 |a 宗教,宗教,寛容,寛容,容忍,容忍,对话,对话 
STF 0 0 |a 宗教,宗教,寛容,寛容,容忍,容忍,對話,對話 
STG 0 0 |a Diálogo,Diálogo,Diálogo,Diálogo,Religião,Religião,Tolerância,Tolerância 
STH 0 0 |a Диалог (мотив),Диалог (музыка),Диалог (литературный жанр),Диалог,Религия (мотив),Религия,Толерантность (мотив),Толерантность 
STI 0 0 |a Ανοχή <μοτίβο>,Ανοχή,Ανεκτικότητα,Ανεκτικότητα (μοτίβο),Διάλογος (μοτίβο),Διάλογος (μουσική),Διάλογος (λογοτεχνικό είδος),Διάλογος,Θρησκεία (μοτίβο),Θρησκεία 
SUB |a REL 
SYE 0 0 |a Mittelstandskongress,Kongress für den Mittelstand,Dialogue , Dialogliteratur,Zwiegespräch,Dialoge,Dialogue,Wechselrede , Religion,Mystik,Mythologie , Human rights,Charta der Menschenrechte,Menschenrecht,Menschenrechts-Charta,Menschenrechtscharta,Menschenrechts-Konvention,Menschenrechtskonvention,Universal Declaration of Human Rights,Human rights,Human rights of specific groups,Grundrechte (Menschenrechte),droits de l'homme,Menschenrechte besonderer Gruppen , Toleranzgedanke,Toleranzidee , Religion,Mystik,Mythologie